000 00487nam a2200145Ia 4500
008 230917s9999||||xx |||||||||||||| ||und||
040 _e167617
_aMAIN
041 _aEnglish
082 _a891.431740927 SV23S
100 _aशर्मा, विश्वबन्धु
245 0 _aसाठोत्तर हिन्दी काव्य में पात्र-कल्पना
260 _aरोहतक
_bमन्थन
_c1985
300 _a311 पृ. p.
942 _cHN
999 _c46045
_d46045